LEADER 01960nam0 22004213i 450 001 VAN0275134 005 20240604114552.878 017 70$2N$a9783030618445 100 $a20240417d2021 |0itac50 ba 101 $aeng 102 $aCH 105 $a|||| ||||| 200 1 $aProgress in Industrial Mathematics: Success Stories$eThe Industry and the Academia Points of View$fManuel Cruz, Carlos Parés, Peregrina Quintela editors 210 $aCham$cSpringer$d2021 215 $axvii, 249 p.$cill.$d24 cm 410 1$1001VAN0103257$12001 $aSEMA SIMAI Springer series$1210 $aBerlin [etc.]$cSpringer 410 1$1001VAN0274561$12001 $aICIAM 2019 SEMA SIMAI Springer Series$1210 $aCham$cSpringer$v5 606 $a68-XX$xComputer science [MSC 2020]$3VANC019670$2MF 606 $a00-XX$xGeneral and overarching topics; collections [MSC 2020]$3VANC025238$2MF 606 $a90-XX$xOperations research, mathematical programming [MSC 2020]$3VANC025650$2MF 610 $aApplied Mathematics$9KW:K 610 $aIndustrial mathematics$9KW:K 610 $aMathematical modelling$9KW:K 610 $aOperational Research$9KW:K 610 $aOptimization$9KW:K 620 $aCH$dCham$3VANL001889 702 1$aCruz$bManuel$3VANV227622 702 1$aParés$bCarlos$3VANV076008 702 1$aQuintela$bPeregrina$3VANV095811 712 $aSpringer $3VANV108073$4650 801 $aIT$bSOL$c20240614$gRICA 856 4 $uhttps://doi.org/10.1007/978-3-030-61844-5$zE-book ? Accesso al full-text attraverso riconoscimento IP di Ateneo, proxy e/o Shibboleth 899 $aBIBLIOTECA DEL DIPARTIMENTO DI MATEMATICA E FISICA$1IT-CE0120$2VAN08 912 $fN 912 $aVAN0275134 950 $aBIBLIOTECA DEL DIPARTIMENTO DI MATEMATICA E FISICA$d08CONS e-book 8372 $e08eMF8372 20240503 996 $aProgress in industrial mathematics, success stories$91891067 997 $aUNICAMPANIA LEADER 02116nam0 22004573i 450 001 VAN00191335 005 20240806101131.577 017 70$2N$a9783319443973 100 $a20210723d2017 |0itac50 ba 101 $aeng 102 $aCH 105 $a|||| ||||| 200 1 $aQuantum-Enhanced Nonlinear Spectroscopy$eDoctoral Thesis accepted by the University of Freiburg, Germany$fFrank Schlawin 210 $aCham$cSpringer$d2017 215 $axiv, 259 p.$cill.$d24 cm 410 1$1001VAN00104193$12001 $aSpringer theses$erecognizing outstanding Ph.D. research$1210 $aBerlin$cSpringer$d2010- 500 1$3VAN00191340$aQuantum-Enhanced Nonlinear Spectroscopy$91833131 606 $a00A79 (77-XX)$xPhysics [MSC 2020]$3VANC023182$2MF 606 $a81-XX$xQuantum theory [MSC 2020]$3VANC019967$2MF 606 $a81V35$xNuclear physics [MSC 2020]$3VANC023270$2MF 606 $a81V80$xQuantum optics [MSC 2020]$3VANC023592$2MF 606 $a82-XX$xStatistical mechanics, structure of matter [MSC 2020]$3VANC021931$2MF 610 $aEntangled Photon States$9KW:K 610 $aGlauber's Formalism$9KW:K 610 $aMultidimensional Spectroscopy$9KW:K 610 $aNonlinear Quantum Optics$9KW:K 610 $aNonlinear molecular spectroscopy$9KW:K 610 $aQuantum Enhancement$9KW:K 610 $aQuantum advantage in spectroscopy$9KW:K 610 $aTrapped Ion Spectroscopy$9KW:K 620 $aCH$dCham$3VANL001889 700 1$aSchlawin$bFrank$3VANV169788$0823884 712 $aSpringer $3VANV108073$4650 801 $aIT$bSOL$c20241115$gRICA 856 4 $uhttp://doi.org/10.1007/978-3-319-44397-3$zE-book ? Accesso al full-text attraverso riconoscimento IP di Ateneo, proxy e/o Shibboleth 899 $aBIBLIOTECA DEL DIPARTIMENTO DI MATEMATICA E FISICA$1IT-CE0120$2VAN08 912 $fN 912 $aVAN00191335 950 $aBIBLIOTECA DEL DIPARTIMENTO DI MATEMATICA E FISICA$d08DLOAD e-book 3251 $e08eMF3251 20210723 996 $aQuantum-Enhanced Nonlinear Spectroscopy$91833131 997 $aUNICAMPANIA